Statistiques concernant Nourriture en anglais (Facile)

Cliquez ici pour prendre le quiz!

Statistiques générales

  • Ce quiz a été pris 985 fois
  • Le résultat moyen est 16 sur 20

Statistiques - réponses

HintRéponse% Correct
eauwater
97%
tomatetomato
96%
poissonfish
95%
laitmilk
95%
mangereat
93%
sucresugar
93%
boiredrink
92%
fromagecheese
91%
oeufegg
90%
fruitsfruits
90%
pouletchicken
89%
fraisestrawberry
89%
citronlemon
88%
selsalt
87%
painbread
86%
crèmecream
85%
viandemeat
84%
jus d'orangeorange juice
84%
saladesalad
83%
bièrebeer
82%
beurrebutter
81%
pomme de terrepotato
81%
rizrice
80%
manguemango
79%
pâtespasta
78%
verreglass
76%
couteauknife
76%
vinwine
76%
carottecarrot
75%
jambonham
74%
légumesvegetables
73%
cuillèrespoon
68%
assietteplate
65%
farineflour
62%
fourchettefork
62%
tassecup
61%
céréalescereals
54%
siropsyrup
35%
yaourtyoghurt
30%
brocolibroccoli
26%

Distribution des résultats

Percentile par nombre de réponses

% des personnes avec chaque résultat

Votre développement - résultats

Vous n’avez pas pris ce quiz